000 00380nam a2200133Ia 4500
008 151001s9999||||xx |||||||||||||| ||und||
100 _aहरी नारायण आपटे
245 _aस्फुट गोष्टी भाग-४
250 _a7
260 _bआर्यभूषण मुद्रणालय
260 _c1965
300 _a168
365 _b18
999 _c956694
_d956691